000 00342nam a2200133Ia 4500
008 240624s9999 xx 000 0 und d
041 _aeng
082 _a338.04 COH
100 _aCOHEN BOYD
245 _aPOST CAPITALIST ENTREPRENEURSHIP STARTUP
260 _c2018
_aLondon
_bCRC Press
300 _axxviii, 136 p.; 23 cm
365 _cBPS
_b35
999 _c31601
_d31601